Countries Containing Z - Statistics

General Stats
  • This quiz has been taken 377 times
  • The average score is 13 of 16
Answer Stats
Country % Correct
Zambia
99%
Zimbabwe
97%
Azerbaijan
91%
Mozambique
87%
Kazakhstan
85%
Uzbekistan
84%
Brazil
82%
Belize
81%
Venezuela
79%
Kyrgyzstan
76%
Czech Republic
75%
Tanzania
74%
Swaziland
72%
New Zealand
71%
Switzerland
69%
Bosnia and Herzegovina
63%
No matching quizzes found
Score Distribution
Percent of People with Each Score
Percentile by Number Answered
Your Score History
You have not taken this quiz